| 000 | 01039nam a2200301I 4500 | ||
|---|---|---|---|
| 001 | 18555 | ||
| 003 | BD-RjUL | ||
| 005 | 20211209000313.0 | ||
| 008 | 140220s1962 enkbj b 000 1 eng d | ||
| 035 | _a(BD-RjUL)18613 | ||
| 035 | _a(OCoLC)00353929 | ||
| 040 |
_aDLC _cICA _dSER _dMYG _dBD-RjUL _beng |
||
| 041 | _aeng | ||
| 082 | 0 | 0 |
_a822.33 _bSHF 1962 |
| 099 | _aPR2754.A676.K5 .H6 pt.1 | ||
| 100 | 1 |
_aShakespeare, William, _d1564-1616. _957169 |
|
| 245 | 1 | 4 |
_aThe first part of King Henry VI _cEdited by Andrew S. Cairncross. |
| 250 | _aCompletely rev. and reset ed. | ||
| 260 |
_aLondon ; _bMethuen ; _aCambridge, Mass. : _bHarvard University Press, _c1962. |
||
| 300 |
_alvii, 172 p. : _bmap, geneal. tables. _c23 cm. |
||
| 490 | 1 | _aThe Arden edition of the works of William Shakespeare | |
| 504 | _aIncludes bibliographical references. | ||
| 600 | 0 | 0 |
_aHenry _cKing of England, _d1421-1471 _957180 |
| 700 | 1 |
_aCairncross, A. S. _q(Andrew Scott) _957171 |
|
| 942 |
_2ddc _cBK |
||
| 999 |
_c18555 _d18555 |
||